00230nam a2200109Ia 4500008004100000100001400041245001400055260001300069650001400082942000700096999001700103190216s9999||||xx |||||||||||||| ||und|| aKakanadan 0aAbhimanyu bDc Books aMalayalam cBK c26072d26072